[Event "COL-ch U16 Girls"]
[Site "Cali"]
[Date "2019.06.22"]
[Round "6.3"]
[White "Manzano Gomez, Valentina"]
[Black "Perez Valcarcel, Maria Jose"]
[Result "0-1"]
[WhiteElo "1711"]
[BlackElo "1419"]
[PlyCount "80"]
[EventDate "2019.06.19"]
[EventType "tourn"]
[EventRounds "9"]
[EventCountry "COL"]
[SourceTitle "CBM 191 Extra"]
[Source "ChessBase"]
[SourceDate "2019.09.30"]
[SourceVersion "1"]
[SourceVersionDate "2019.09.30"]
[SourceQuality "1"]

1. e4 e6 2. d4 d5 3. Nd2 Nf6 4. e5 Nfd7 5. Bd3 c5 6. c3 Nc6 7. Ne2 cxd4 8. cxd4 f6 9. exf6 Nxf6 10. Nf3 Bb4+ 11. Bd2 Qb6 12. 0-0 0-0 13. Bf4 Ne4 14. Be5 Rxf3 15. Bxe4 Rf7 16. Bd3 Nxe5 17. dxe5 Bc5 18. Ng3 Qxb2 19. Qh5 g6 20. Bxg6 hxg6 21. Qxg6+ Kf8 22. Qh6+ Ke7 23. Qg5+ Kd7 24. Rac1 b6 25. Kh1 Ba6 26. Rfd1 Qb4 27. Qg6 Qf4 28. Nh5 Qf5 29. Nf6+ Rxf6 30. Qxf6 Qxf6 31. exf6 Rf8 32. Rc2 Rxf6 33. f3 Rf4 34. Rc3 Rc4 35. Rxc4 Bxc4 36. Rd2 d4 37. g4 d3 38. g5 Be3 39. g6 Bxd2 40. g7 e5 0-1

[Event "COL-ch U16 Girls"]
[Site "Cali"]
[Date "2019.06.21"]
[Round "4.4"]
[White "Manzano Gomez, Valentina"]
[Black "Hoyos Garces, Rosana"]
[Result "1/2-1/2"]
[WhiteElo "1711"]
[BlackElo "1571"]
[PlyCount "67"]
[EventDate "2019.06.19"]
[EventType "tourn"]
[EventRounds "9"]
[EventCountry "COL"]
[SourceTitle "CBM 191 Extra"]
[Source "ChessBase"]
[SourceDate "2019.09.30"]
[SourceVersion "1"]
[SourceVersionDate "2019.09.30"]
[SourceQuality "1"]

1. e4 e6 2. d4 d5 3. Nd2 Nf6 4. e5 Nfd7 5. Bd3 c5 6. c3 Nc6 7. Ndf3 cxd4 8. cxd4 f6 9. exf6 Nxf6 10. Nh3 Qa5+ 11. Bd2 Bb4 12. a3 Bxd2+ 13. Qxd2 Qxd2+ 14. Kxd2 0-0 15. Rhe1 h6 16. Nf4 Ne4+ 17. Ke3 Nxf2 18. Ng6 Nxd3 19. Kxd3 Rf6 20. Nfe5 Kh7 21. Rac1 Rxg6 22. Nxg6 Kxg6 23. b4 Bd7 24. b5 Na5 25. Rc7 Rd8 26. a4 Kf7 27. Rb1 Ke7 28. b6 axb6 29. Rxb6 Rc8 30. Rxc8 Bxc8 31. Kc3 Nc4 32. Rb1 b6 33. Re1 Bd7 34. Ra1 1/2-1/2

[Event "COL-ch U16 Girls"]
[Site "Cali"]
[Date "2019.06.19"]
[Round "1.1"]
[White "Manzano Gomez, Valentina"]
[Black "Bernal Parra, Eliana Valentina"]
[Result "1-0"]
[WhiteElo "1711"]
[BlackElo "1236"]
[PlyCount "32"]
[EventDate "2019.06.19"]
[EventType "tourn"]
[EventRounds "9"]
[EventCountry "COL"]
[SourceTitle "CBM 191 Extra"]
[Source "ChessBase"]
[SourceDate "2019.09.30"]
[SourceVersion "1"]
[SourceVersionDate "2019.09.30"]
[SourceQuality "1"]

1. e4 c5 2. Nf3 Nc6 3. d4 cxd4 4. Nxd4 g6 5. c4 Bg7 6. Be3 Nf6 7. Na3 0-0 8. Be2 d6 9. Rc1 Bd7 10. 0-0 Nxd4 11. Bxd4 Bc6 12. f3 Nd7 13. Bc3 a5 14. b3 Nc5 15. Qc2 Be5 16. Rfd1 Qb6 1-0

[Event "COL pre olympic sf2"]
[Site "Palmira"]
[Date "2019.06.01"]
[Round "6"]
[White "Molina, Gildardo"]
[Black "Manzano Gomez, Valentina"]
[Result "1-0"]
[WhiteElo "1991"]
[BlackElo "1745"]
[PlyCount "141"]
[EventDate "2019.05.29"]
[EventType "swiss"]
[EventRounds "10"]
[EventCountry "COL"]
[SourceTitle "CBM 190 Extra"]
[Source "ChessBase"]
[SourceDate "2019.07.15"]
[SourceVersion "1"]
[SourceVersionDate "2019.07.15"]
[SourceQuality "1"]

1. e4 c5 2. Nf3 Nc6 3. d4 cxd4 4. Nxd4 Nf6 5. Nc3 d6 6. Bc4 Qb6 7. Nf3 e6 8. Bb3 Be7 9. Be3 Qc7 10. 0-0 0-0 11. Qe2 a6 12. Rad1 b5 13. a3 Bb7 14. h3 Na5 15. Bf4 Rfd8 16. Rfe1 e5 17. Bg5 Nxb3 18. cxb3 Nh5 19. Nxe5 Bxg5 20. Qxh5 Bf6 21. Nf3 Bxc3 22. bxc3 g6 23. Qg5 Qxc3 24. Qe7 Qc6 25. Ne5 Qe8 26. Nxg6 hxg6 27. Qxb7 Qe6 28. Qd5 Rac8 29. Rc1 Qxd5 30. exd5 Rc5 31. Rcd1 Rc3 32. Re3 Rdc8 33. Rdd3 Rc1+ 34. Kh2 R1c2 35. Kg3 Ra2 36. b4 Rcc2 37. Rf3 Rd2 38. Rc3 Rac2 39. Rxc2 Rxc2 40. Rd3 Kg7 41. f4 f6 42. Kf3 Rc1 43. g4 Rf1+ 44. Ke4 Re1+ 45. Re3 f5+ 46. Kf3 Rd1 47. Re7+ Kf8 48. Re6 Rxd5 49. Rxg6 Rd3+ 50. Kg2 fxg4 51. hxg4 Rxa3 52. Rxd6 Ra4 53. Kg3 Ke7 54. Rb6 Rxb4 55. Rxa6 Rc4 56. f5 b4 57. g5 b3 58. Rb6 Rc3+ 59. Kf4 Rc4+ 60. Ke5 Rc5+ 61. Ke4 Rc4+ 62. Kd5 Rc2 63. Rb7+ Kf8 64. Rxb3 Rg2 65. Ke6 Ra2 66. Rb8+ Kg7 67. Rb7+ Kf8 68. f6 Ra8 69. g6 Kg8 70. Rg7+ Kh8 71. Rh7+ 1-0